| 000 | 00424cam a2200169ua 4500 | ||
|---|---|---|---|
| 020 | _c90.00 | ||
| 041 |
_aeng _h |
||
| 082 |
_a658.5 _bAHU/IN |
||
| 100 | _aAhuja , K K . | ||
| 245 |
_aIndustrial management and operations research / _cA K Ahuja. _hTextual Documents |
||
| 260 |
_aDelhi : _bKhanna Publishers , _c1993. |
||
| 300 | _a1993 ; . | ||
| 365 | _a90.00 | ||
| 504 | _a | ||
| 942 | _cBK | ||
| 999 |
_c2865 _d2865 |
||